NBA team quizzes Memphis Grizzlies - Statistics

General Stats
  • This quiz has been taken 34 times
  • The average score is 11 of 12
Answer Stats
Hint Answer % Correct
how many rings do they have 0
100%
how many finals Appearances do they have 0
100%
blocks leader Marc Gasol
100%
when was their most recent ring (say never if they didn't get one yet) never
100%
rebounds leader Marc Gasol
97%
how many jerseys have they retired 3
94%
what number does Ja Morant wear for the Grizzlies 12
91%
scoring leader Mike Conley
88%
assists leader Mike Conley
82%
steals leader Mike Conley
82%
what number did Marc Gasol wear for the grizzlies 33
76%
most recent jersey retirement (say none if they didn't retire one) Tony Allen
52%
No matching quizzes found
Score Distribution
Percent of People with Each Score
Percentile by Number Answered
Your Score History
You have not taken this quiz